| 000 | 00000nam 2200000zi 4500 |
| 001 | 9.936201 |
| 003 | CaOODSP |
| 005 | 20251103145139 |
| 006 | m o d f |
| 007 | cr |n |||||||| |
| 008 | 240402s1986 onc o f000 0|fre d |
| 040 | |aCaOODSP|bfre|erda|cCaOODSP |
| 041 | |afre|aeng |
| 043 | |an-cn--- |
| 086 | 1 |aJ2-592/1986-PDF |
| 245 | 00|aFirst report of the French Constitutional Drafting Committee responsible for providing the Minister of Justice with a draft official French version of certain constitutional acts = |bPremier rapport du Comité de rédaction constitutionnelle française chargé d'établir, à l'intention du ministre de la Justice, un projet de version française officielle de certaines lois constitutionnelles. |
| 246 | 11|aPremier rapport du Comité de rédaction constitutionnelle française chargé d'établir, à l'intention du ministre de la Justice, un projet de version française officielle de certaines lois constitutionnelles |
| 264 | 1|aOttawa : |bMinistère de la justice Canada = Department of Justice Canada, |c[1986] |
| 300 | |a1 ressource en ligne (1 volume en paginations multiple) |
| 336 | |atexte|btxt|2rdacontent/fre |
| 337 | |ainformatique|bc|2rdamedia/fre |
| 338 | |aressource en ligne|bcr|2rdacarrier/fre |
| 500 | |aÉdition numérisée de l'imprimé [par Ministère de la justice Canada]. |
| 500 | |a«Gérard Bertrand, président, Gérald-A. Beaudoin, Alain-François Bisson, Jules Brière, Robert Décary, François La Fontaine, secrétaire.» |
| 546 | |aTexte en anglais et en français en deux colonnes. |
| 610 | 16|aCanada.|tActe de l'Amérique du Nord britannique. |
| 610 | 10|aCanada.|tLoi constitutionnelle de 1982. |
| 650 | 6|aDroit constitutionnel|zCanada. |
| 650 | 6|aConstitutions|xAmendements|zCanada. |
| 700 | 1 |aBertrand, Gérard, |eauteur. |
| 710 | 1 |aCanada. |bMinistère de la justice, |eorganisme de publication. |
| 788 | |tFirst report of the French Constitutional Drafting Committee responsible for providing the Minister of Justice with a draft official French version of certain constitutional acts = |eeng|w(CaOODSP)9.936202 |
| 856 | 40|qPDF|s2.14 Mo|uhttps://publications.gc.ca/collections/collection_2024/jus/J2-592-1986.pdf |